Statistics for British Royalty's Residences/Castles/Palaces

Click here to take the quiz!

General Stats

  • This quiz has been taken 114 times
  • The average score is 6 of 10

Answer Stats

HintAnswer% Correct
Monarch's Residence - The HeadquartersBuckingham Palace
100%
The Summer HomeBalmoral Castle
88%
The Country Home / The Weekend ResidenceWindsor Castle
86%
The Christmas' Holiday HomeSandringham Estate
81%
Duke and Duchess of Cambridge's ResidenceKensington Palace
77%
Prince of Wales and Duchess of Cornwall's ResidenceClarence House
59%
The Scottish ResidenceHolyrood Palace
56%
Princess Royal and Princess Beatrice's ResidenceSt James's Palace
38%
Duke and Duchess of Sussex England's ResidenceFrogmore Cottage
32%
The Irish ResidenceHillsborough Castle
21%

Score Distribution

Percentile by Number Answered

Percent of People with Each Score

Your Score History

You have not taken this quiz